UBT Library

Securities regulation : (Record no. 39435)

000 -LEADER
fixed length control field 01240cam a22002774a 4500
001 - CONTROL NUMBER
control field 15672262
005 - DATE AND TIME OF LATEST TRANSACTION
control field 20171227033456.0
008 - FIXED-LENGTH DATA ELEMENTS--GENERAL INFORMATION
fixed length control field 090324s2009 nyu 001 0 eng
010 ## - LIBRARY OF CONGRESS CONTROL NUMBER
LC control number 2009012584
020 ## - INTERNATIONAL STANDARD BOOK NUMBER
International Standard Book Number 9780735578050 (hbk.)
020 ## - INTERNATIONAL STANDARD BOOK NUMBER
International Standard Book Number 0735578052 (hbk.)
020 ## - INTERNATIONAL STANDARD BOOK NUMBER
International Standard Book Number 9780735578067 (pbk. ; teacher's manual)
035 ## - SYSTEM CONTROL NUMBER
System control number (OCoLC)ocn317288678
040 ## - CATALOGING SOURCE
Original cataloging agency DLC
Transcribing agency DLC
Modifying agency YDX
-- BTCTA
-- ZYF
-- YDXCP
-- CDX
-- DLC
041 ## - LANGUAGE CODE
Language code of text/sound track or separate title eng
043 ## - GEOGRAPHIC AREA CODE
Geographic area code n-us---
080 ## - UNIVERSAL DECIMAL CLASSIFICATION NUMBER
Universal Decimal Classification number 346.730922
082 00 - DEWEY DECIMAL CLASSIFICATION NUMBER
Classification number 346.730922 COX
Edition number 22
100 1# - Rafti
Rafti 14
101 ## - Shkurtesa
Shkurtesa SHJ
245 10 - TITLE STATEMENT
Title Securities regulation :
Statement of responsibility, etc James D. Cox, Robert W. Hillman, Donald C. Langevoort.
525 ## - SUPPLEMENT NOTE
Supplement note Kept up to date by supplements, some have sub-title: Selected statutes, rules, and forms.
906 ## - LOCAL DATA ELEMENT F, LDF (RLIN)
a 7
b cbc
c orignew
d 1
e ecip
f 20
g y-gencatlg
942 ## - ADDED ENTRY ELEMENTS (KOHA)
Source of classification or shelving scheme
Item type Books
Holdings
Withdrawn status Lost status Source of classification or shelving scheme Damaged status Not for loan Collection code Permanent location Current location Shelving location Date acquired Total Checkouts Full call number Barcode Date last seen Price effective from Koha item type
          Koleksioni i përgjithshem UBT - Lipjan UBT - Lipjan Koleksioni i përgjithshem 12/27/2017   346.730922 COX 002-2994170 12/27/2017 12/27/2017 Books
UBT Library © 2015-2024. All rights reserved University Education for Business and Technology